| 000 | 00617nam a2200181Ia 4500 | ||
|---|---|---|---|
| 003 | GCL | ||
| 008 | 140319s9999 xx 000 0 ara d | ||
| 040 |
_aGCL / _cGCL |
||
| 082 | 0 | 4 |
_a250 _bع ح |
| 100 | 1 | _aعبدالمجيد صبح | |
| 245 | 1 | 0 |
_aحقائق الاسلام بين الجهل والجحود / _cعبدالمجيد صبح |
| 260 |
_a[S.N] : _bدار الوفاء للطباعة والنشر والتوزيع ، _c1987 |
||
| 300 | _a475 ص | ||
| 650 | 0 | 4 | _aالشريعة الاسلامية |
| 650 | 0 | 4 | _aالفقه الاسلامى |
| 650 | 0 | 4 | _aالاسلام والسياسة |
| 942 |
_2ddc _cREF |
||
| 999 |
_c59289 _d59289 |
||